Central Library OPAC University of Rajshahi

Introduction to environmental analysis / (Record no. 14412)

MARC details
000 -LEADER
fixed length control field 00932nam a2200289 a 4500
001 - CONTROL NUMBER
control field 14412
003 - CONTROL NUMBER IDENTIFIER
rucl marc code BD-RjUL
005 - DATE AND TIME OF LATEST TRANSACTION
control field 20211208235625.0
008 - FIXED-LENGTH DATA ELEMENTS--GENERAL INFORMATION
fixed length control field 161002s2002 nyua b 001 0 eng
020 ## - INTERNATIONAL STANDARD BOOK NUMBER
International Standard Book Number 0471492949 (cloth : alk. paper)
International Standard Book Number 0471492957 (pbk. : alk. paper)
035 ## - SYSTEM CONTROL NUMBER
System control number (BD-RjUL)14464
040 ## - CATALOGING SOURCE
Original cataloging agency DLC
Transcribing agency DLC
Modifying agency DLC
-- BD-RjUL
Language of cataloging eng
041 ## - LANGUAGE CODE
Language code of text/sound track or separate title eng
082 00 - DEWEY DECIMAL CLASSIFICATION NUMBER
Classification number 628.501543
Author mark and year REI 2002
Edition number 21
100 1# - MAIN ENTRY--PERSONAL NAME
Personal name Reeve, Roger N.
9 (RLIN) 44959
245 10 - TITLE STATEMENT
Title Introduction to environmental analysis /
Statement of responsibility, etc. Roger N. Reeve.
260 ## - PUBLICATION, DISTRIBUTION, ETC. (IMPRINT)
Place of publication, distribution, etc. New York :
Name of publisher, distributor, etc. John Wiley & Sons,
Date of publication, distribution, etc. 2002.
300 ## - PHYSICAL DESCRIPTION
Pagination xxi, 301 p. :
Illustrations ill. ;
Size 24 cm.
490 ## - SERIES STATEMENT
Series statement Analytical techniques in the sciences
504 ## - BIBLIOGRAPHY, ETC. NOTE
Bibliography, etc Includes bibliographical references and index.
650 #0 - SUBJECT ADDED ENTRY--TOPICAL TERM
Topical term or geographic name as entry element Pollutants
General subdivision Analysis.
9 (RLIN) 44961
Topical term or geographic name as entry element Environmental chemistry.
9 (RLIN) 44962
Topical term or geographic name as entry element Chemistry, Analytic.
9 (RLIN) 44963
942 ## - ADDED ENTRY ELEMENTS (KOHA)
Source of classification or shelving scheme Dewey Decimal Classification
Koha item type Books
Holdings
Lost status Source of classification or shelving scheme Damaged status Not for loan Collection code Permanent Location Current Location Shelving location Date acquired Source of acquisition Cost, normal purchase price Total Checkouts Full call number Date last seen Copy number Koha item type
  Dewey Decimal Classification     Non-fiction Central Library, University of Rajshahi Central Library, University of Rajshahi   02/01/2006 Dhaka Paragon Enterprise Ltd. 89.95   628.501543 REI 2002 06/02/2014 C-3 Books
  Dewey Decimal Classification     Non-fiction Central Library, University of Rajshahi Central Library, University of Rajshahi   02/01/2006 Dhaka,Paragon Enterprise Lit., 89.95   628.501543 REI 2002 02/10/2016 C-2 Books
  Dewey Decimal Classification   Not For Loan Non-fiction Central Library, University of Rajshahi Central Library, University of Rajshahi Reading Room 02/01/2006 Dhaka, paragon Enterprises Ltd. 89.95   628.501543 REI 2002 16/03/2017 C-1 Books